Responses for Show #4389 - Thursday, October 9, 2003

Sean Ryan game 2.

Contestants

[<< previous game]

Linda Simplicio, an aspiring chef from Front Royal, Virginia

Brian Brown, a hotel food and beverage manager from Cartaret, New Jersey

Sean Ryan, a taxi driver, bartender, and student from State College, Pennsylvania (whose 1-day cash winnings total $11,599)

[next game >>]

Jeopardy! Round responses

EUROPE
(Alex: Good place to begin!)
FRUITS & VEGETABLES
BEFORE HE WAS PRESIDENT...
POLITICALLY INCORRECT SONGS
"STREET"s
SOUNDS THE SAME
    $200 1
coal

Linda
    $200 2
pumpkin

Sean
    $200 9
(John F.) Kennedy

Linda
    $200 14
and one for the road

Sean
    $200 21
(Sean: What is...)
(Linda: What is the Daily News?)
(Brian: What is The New York Times?)

The Wall Street Journal

SeanBrianLinda
Triple Stumper
    $200 24
weak/week

Brian
    $400 3
(Linda: What is Monte Carlo?)
...
(Alex: Monte Carlo is the city.)

Monaco

SeanLinda
    $400 5
tomato

Linda
    $400 10
Ronald Reagan

Brian
    $400 15
"Smokin' In The Boys Room"

Sean
    $400 22
down at the end of lonely street

Sean
    $400 25
eyes/ayes

Linda
    $600 4
(Linda: What is Pamploma?)

Pamplona

BrianLinda
    $600 6
(Brian: What are beans?)

peas

BrianLinda
    $600 11
(Brian: Who is Harding?)

Abraham Lincoln

SeanBrian
    $600 16
cocaine

Brian
    $600 23
(Alex: A minute to go now.)

street smarts

Brian
    $600 26
(Linda: What is Y?)

wise/Ys

SeanLinda
    $800 19
roses

Linda
    $800 7
cauliflower

Brian
    $800 12
Harry S. Truman

Brian
    $800 17
til Daddy takes the T-Bird away

Sean
    $800 28
in thy dark street

Triple Stumper
    $800 27
ore/oar

Brian
    $1000 20
(Brian: What is Greece?)

Romania

SeanBrian
    $1000 8
Valencia

Brian
    $1,000 13
(James) Madison

Brian
    $1000 18
(Alex: Indeed, it is!)

"The Glamorous Life"

Triple Stumper
    $1000 29
Dun & Bradstreet

Brian
    $1000 30
fair/fare

Brian

Scores at the first commercial break (after clue 11):

Sean Brian Linda
$1,200 $1,600 $400

Scores at the end of the Jeopardy! Round:

Sean Brian Linda
$4,400 $6,400 $800

Double Jeopardy! Round responses

TALKING RELIGION
LITERARY CROSSWORD CLUES "S"
CABLE TV
GAS
FOOD
LODGING
(Alex: We're going on a trip!)
    $400 16
missionaries

Sean
    $400 21
stein

Sean
    $400 9
golf

Triple Stumper
    $400 26
propane

Brian
    $400 1
beans

Brian
    $400 2
(Brian: What is Hotel 6?)

Motel 6

SeanBrian
    $800 17
pagan

Linda
    $800 22
(Brian: What is common?)

Sensibility

BrianLinda
    $800 10
Emeril

Sean
    $800 27
hydrogen

Linda
    $800 5
pork

Sean
    $800 3
Best Western

Brian
    $1200 18
martyrs

Linda
    $1200 23
(Alex: Minute to go.)

Sendak

Linda
    $1,000 11
Six Feet Under

Sean
    $1200 28
mustard gas

Linda
    $1200 6
beef

Brian
    $1200 4
pension

Linda
    $3,000 19
(Linda: [No response])

the washing of the feet

Linda
    $1600 24
Silas

Brian
    $1600 12
Doc

Brian
    $1600 29
[The end-of-round signal sounds.]

carbon dioxide

Triple Stumper
    $1600 14
a bun

Linda
    $1600 7
the Palace

Triple Stumper
    $2000 20
apostate

Sean
    $2000 25
(Linda: What is Siddharthra?)
...
(Alex: Linda, you added that second "R" in there and that's what made it wrong.)

Siddhartha

BrianLinda
    $2000 13
(Brian: What is Animal Psychic?)

The Pet Psychic

SeanBrian
    $2000 15
(Linda: What is stale?)

a chestnut

Linda
Triple Stumper
    $2000 8
(Brian: What is the Ritz?)

the Pierre Hotel

Brian
Triple Stumper

Scores at the end of the Double Jeopardy! Round:

Sean Brian Linda
$12,200 $9,200 $2,600

[wagering suggestions for these scores]

Final Jeopardy! Round responses

MOVIE CHARACTERS
LindaWho is King Kong
$0
BrianWho is ?
$9,199
SeanWho is Deckard
$5,801
the Terminator

Final scores:

Sean Brian Linda
$6,399 $1 $2,600
2-day champion: $17,998 3rd place: $1,000 2nd place: $2,000

Game dynamics:

Coryat scores:

Sean Brian Linda
$12,400 $9,200 $5,600
17 R
(including 1 DD),
1 W
19 R
(including 1 DD),
8 W
14 R,
7 W
(including 1 DD)

Combined Coryat: $27,200

[game clues] [game scores] [suggest correction]

Game tape date: 2003-07-30
The J! Archive is created by fans, for fans. Scraping, republication, monetization, and malicious use prohibited; this site may use cookies and collect identifying information. See terms. The Jeopardy! game show and all elements thereof, including but not limited to copyright and trademark thereto, are the property of Jeopardy Productions, Inc. and are protected under law. This website is not affiliated with, sponsored by, or operated by Jeopardy Productions, Inc. Join the discussion at JBoard.tv.